El CONICIT en cifras, 1974 - 1978

Spremljeno u:
Bibliografski detalji
Autor kompanije: Consejo Nacional de Investigaciones Científicas y Tecnológicas
Format: Tekst
Izdano: San José :
Teme:
Oznake: Dodaj oznaku
Bez oznaka, Budi prvi tko označuje ovaj zapis!

MARC

LEADER 00000 a a2200000 04500
001 15959
003
040
090 |a 016400  
110 |a Consejo Nacional de Investigaciones Científicas y Tecnológicas  
245 |a El CONICIT en cifras, 1974 - 1978  
260 |a San José :  
300 |a 27 p  
650 |a CONSEJO NACIONAL DE INVESTIGACIONES CIENTIFICAS Y TECNOLOGICAS, CR  
999 |c 17756  |d 17756